Agronomy/ (Record no. 9464)

MARC details
000 -LEADER
fixed length control field 00491nam a22001937a 4500
003 - CONTROL NUMBER IDENTIFIER
control field OSt
005 - DATE AND TIME OF LATEST TRANSACTION
control field 20241029191014.0
008 - FIXED-LENGTH DATA ELEMENTS--GENERAL INFORMATION
fixed length control field 241029b |||||||| |||| 00| 0 eng d
020 ## - INTERNATIONAL STANDARD BOOK NUMBER
International Standard Book Number 8177542524
040 ## - CATALOGING SOURCE
Original cataloging agency DDC
Transcribing agency MUST
082 ## - DEWEY DECIMAL CLASSIFICATION NUMBER
Classification number 630 PAN 2005
100 ## - MAIN ENTRY--PERSONAL NAME
Personal name Dr.Panda.S.C
9 (RLIN) 19303
245 ## - TITLE STATEMENT
Title Agronomy/
Statement of responsibility, etc. Dr.Panda.S.C
260 ## - PUBLICATION, DISTRIBUTION, ETC. (IMPRINT)
Place of publication, distribution, etc. India;
Name of publisher, distributor, etc. Agrobios,
Date of publication, distribution, etc. 2005.
300 ## - PHYSICAL DESCRIPTION
Extent 833p.:
Other physical details Col., ill;
Dimensions 24.5cm
504 ## - BIBLIOGRAPHY, ETC. NOTE
Bibliography, etc Includes references
650 ## - SUBJECT ADDED ENTRY--TOPICAL TERM
Topical term or geographic name as entry element Agronomy
9 (RLIN) 13993
942 ## - ADDED ENTRY ELEMENTS (KOHA)
Source of classification or shelving scheme Dewey Decimal Classification
Koha item type Open Shelf

No items available.